000 01293cam a22003497a 4500
003 CHAP
005 20220329142155.0
008 000127d mx a r 00110 spa d
010 _a79582
011 _a80554
035 _a91005
040 _cCHAP
090 _aTesis
100 0 0 _aHerrera Carmona, Ortencia.
_954841
245 1 0 _aFactibilidad técnico financiera de la producción de setas (Pleurotus sp.) bajo condiciones controladas
_c/ por Ortencia Herrera Carmona
260 _aChapingo, Méx. :
_bEl autor,
_c1999.
300 _a88 h. :
_bilus. ; gráfs.
502 _aTesis (Lic. en Economía Agrícola) -- UACH. División de Ciencias Economíco-Administrativas
590 _aALEPH
_b10
_c20130110
_lUCH01
_h1432
590 _aBATCH-UPD
_b10
_c20130110
_lUCH01
_h1709
590 _aBATCH-UPD
_b10
_c20130410
_lUCH01
_h1055
590 _aBATCH-UPD
_b10
_c20130914
_lUCH01
_h2022
590 _aCONVERSION
_b10
_c20130109
_lUCH01
_h1344
650 1 4 _aSetas
_xCostos de producción.
_9105372
650 1 4 _aSetas
_xRendimiento.
_9105381
901 _aBK
905 _aPatricia Mendoza P.
942 _cFOLL
949 _bBC
_cTES
_d33724000753596
_eTS2
_fc.2
_h35150
_i91005
_si
949 _bBC
_cTES
_d33724000753604
_eTS2
_fc.3
_h35151
_i91005
_si
949 _bBC
_cTES
_d910051
_eTS1
_h35149
_i91005
_sb
999 _c79582
_d79582